| 000 | 00910nam a22002177a 4500 | ||
|---|---|---|---|
| 999 |
_c8014 _d8014 |
||
| 003 | AR-CdUCM | ||
| 008 | 190322b ||||| |||| 00| 0 spa d | ||
| 040 |
_aMUNICIPALIDAD PROVINCIAL DEL CUSCO _cBIBLIOTECA MUNICIPAL DEL CUSCO |
||
| 082 |
_a657.3 / _bV49 |
||
| 100 |
_aVergara Barreto, Mario, _922642 |
||
| 245 | _aEstados financieros en moneda constante / | ||
| 260 |
_aLima : . _bGraficos danik, _c1990. |
||
| 300 |
_a430 paginas ; _bCuadros, diagramas, ilustraciones, _c21 cm. |
||
| 505 | _aContenido : Inflación y empresa -- Un caso de ajuste de estados financieros para fines tributarios -- Ganancias diferidas -- Ingresos financieros -- Ingresos y gastos extraordinarios... | ||
| 650 |
_aEstado financiero _922643 |
||
| 650 |
_aMoneda _95487 |
||
| 650 |
_aIngresos y egreso _922644 |
||
| 710 |
_aInstituto de investigaciones contables y financieras _922645 |
||
| 942 |
_2ddc _cLIBROS |
||
| 945 | _awnts | ||